|
|
|
|
| LEADER |
01456nam a2200397Ia 4500 |
| 001 |
EBC693747 |
| 003 |
MiAaPQ |
| 005 |
20200520144314.0 |
| 006 |
m o d | |
| 007 |
cr cn||||||||| |
| 008 |
110214s2011 njua sb 001 0 eng d |
| 010 |
|
|
|z 2011006425
|
| 020 |
|
|
|z 9781119975571
|
| 020 |
|
|
|z 9781119970002
|
| 020 |
|
|
|z 1119970008
|
| 035 |
|
|
|a (MiAaPQ)EBC693747
|
| 035 |
|
|
|a (Au-PeEL)EBL693747
|
| 035 |
|
|
|a (CaPaEBR)ebr10501334
|
| 035 |
|
|
|a (OCoLC)880752194
|
| 040 |
|
|
|a MiAaPQ
|c MiAaPQ
|d MiAaPQ
|
| 050 |
|
4 |
|a HD31
|b .H636 2011
|
| 082 |
0 |
4 |
|a 658.4/092
|2 22
|
| 100 |
1 |
|
|a Hope, Jeremy.
|
| 245 |
1 |
4 |
|a The leader's dilemma
|h [electronic resource] :
|b how to build an empowered and adaptive organization without losing control /
|c by Jeremy Hope, Peter Bunce, and Franz Roosli.
|
| 260 |
|
|
|a San Francisco, CA :
|b Jossey-Bass,
|c 2011.
|
| 300 |
|
|
|a x, 334 p. :
|b ill.
|
| 504 |
|
|
|a Includes bibliographical references (p. [309]-324) and index.
|
| 533 |
|
|
|a Electronic reproduction. Ann Arbor, MI : ProQuest, 2015. Available via World Wide Web. Access may be limited to ProQuest affiliated libraries.
|
| 650 |
|
0 |
|a Management.
|
| 650 |
|
0 |
|a Organizational effectiveness.
|
| 650 |
|
0 |
|a Organizational change.
|
| 655 |
|
4 |
|a Electronic books.
|
| 700 |
1 |
|
|a Bunce, Peter.
|
| 700 |
1 |
|
|a Roosli, Franz.
|
| 710 |
2 |
|
|a ProQuest (Firm)
|
| 856 |
4 |
0 |
|u https://ebookcentral.proquest.com/lib/matrademy/detail.action?docID=693747
|z Click to View
|